000 01284cam a2200229 4500
001 L136889
008 070228n2007 000 0 eng u
020 0 4 _a9781852619947
035 _a(Sirsi) u136889
041 0 _aeng
050 _a696.9 $2 18
110 2 _aLondon
_bGreater London Authority
_93989
245 0 0 _aAction today to protect tomorrow
_bthe mayor's climate change action plan
_h[electronic resource]
260 _aLondon
_bGLA
_c2007
505 2 _aFocus and scope of the Mayor's climate change action plan -- Introduction: the threat of catastrophic climate change -- Context: London's carbon footprint and targets for cutting emissions -- Actions: tackling London's CO2 emissions by sector -- Tackling mayoral group CO2 emissions -- Monitoring and review: our ongoing commitment.
520 _aSets out how London will contribute and show leadership in meeting the global challenge of reducing emissions of greenhouse gases, especially carbon dioxide.
590 _aKA NTK
651 4 _aLONDON
690 _aENVIRONMENTAL AND LAND CONSULTANCY-ENVIRONMENTAL MANAGEMENT-ENVIRONMENTAL CONSERVATION
856 4 0 _uhttps://www.london.gov.uk/mayor/environment/climate-change/ccap/index.jsp
_zView the report free of charge online at www.london.gov.uk...
942 _n0
999 _c106529
_d106529